00526nam a2200169Ia 4500001001000000003000500010008004100015010001100056040000900067082002000076100002400096245004800120300000900168440001600177500010000193650006300293Para_8446CHAP220125s9999 xx 000 0 und d a207289 cCHAP aPA-C 595.752 A6 aKnowlton, George F. aSome Utah aphids /c by George F. Knowlton a2 p. aAphidae; 14 aSobretiro de: Utah academic Science 9: 109-110, 1932. Encuadernado con otros impresos similares ax Afididos x Colecciones de escritos x Afididos x Utah